000 00375 a2200169 4500
001 189823
020 _a978-85-62549-32-8
040 _cMagnum
100 _aTeixeira, LĂ­lian
240 1 0 _aO pai que lia pensamentos
_lpor
245 1 0 _aO pai que lia pensamentos
300 _a36
362 0 _a2011
440 1 _aAbacatte
697 _aLITERATURA INFANTO
942 _cBK
999 _c189823
_d189823